Tilastot visalle Suomen luetuimmat lehdet

Klikkaa tästä pelataksesi tätä visaa!

Yleistilastot

  • Tätä visaa on pelattu 641 kertaa
    (144 viimeisimmän päivityksen jälkeen)
  • Keskiarvotulos 9 / 20

Vastaustilastot

Tuhatta lukijaaSanomalehtiKotipaikkakunta% Oikein
601Helsingin SanomatHelsinki
98%
181IltalehtiHelsinki
87%
253Ilta-SanomatHelsinki
83%
125Turun SanomatTurku
73%
173AamulehtiTampere
71%
94KeskisuomalainenJyväskylä
56%
110KalevaOulu
50%
107Ilkka-PohjalainenSeinäjoki
46%
59Lapin KansaRovaniemi
46%
93Savon SanomatKuopio
45%
275Maaseudun tulevaisuusHelsinki
39%
75Satakunnan kansaPori
35%
62KarjalainenJoensuu
33%
36Kouvolan SanomatKouvola
28%
37Etelä-SaimaaLappeenranta
23%
55HufvudstadsbladetHelsinki
20%
68Etelä-Suomen SanomatLahti
19%
100KauppalehtiHelsinki
15%
42KeskipohjanmaaKokkola
14%
51HevosurheiluEspoo
1%

Tulosjakauma

Persentiili vastausten määrän mukaan

Jokaisen tuloksen saaneiden osuus

Tuloshistoriasi

Et ole pelannut tätä visaa sen viimeisimmän päivityksen jälkeen